000 00396nam a22001217a 4500
003 SGT
082 _a891.4309
_bR98V
100 _aवर्मा, सत्यम
245 _aराजनितिक अर्थशास्त्र के मुलभूत सिद्धांत
260 _b राहुल फॉउण्डेशन्स
_c1998
300 _a190
942 _2ddc
_cBK
999 _c30520
_d30520